La Necrópolis ibérica de Cabrera de Mar / por José Barberá Farras
Publicado:
Barcelona :
Diputación Provincial de Barcelona. Instituto de Prehistoria y Arqueología ,
1970
Descripción Física:
p. 97-189 : il. ; 27 cm
Colección:
Monografías ; 34
MARC
| LEADER | 00000nam a2200000Ia 4500 | ||
|---|---|---|---|
| 001 | 7771 | ||
| 008 | 160829s1970 xx 000 0 cat d | ||
| 080 | |a H-2-86 | ||
| 100 | |a Barberà Farràs, Josep |9 31622 | ||
| 245 | |a La Necrópolis ibérica de Cabrera de Mar / por José Barberá Farras | ||
| 260 | |a Barcelona : |b Diputación Provincial de Barcelona. Instituto de Prehistoria y Arqueología, |c 1970 | ||
| 300 | |a p. 97-189 : |b il. ; |c 27 cm | ||
| 490 | |a Monografías ; 34 | ||
| 590 | |a Separata d'Ampurias ; 31-32 | ||
| 650 | |a Cabrera de Mar (Barcelona : Jaciment arqueològic) |9 31623 | ||
| 650 | |a Tombes |x Cabrera de Mar |9 31624 | ||
| 650 | |a Ibers |x Cabrera de Mar I |9 31625 | ||
| 651 | 0 | |a Cabrera de Mar (Catalunya) |x Arqueologia |9 56113 | |
| 710 | 2 | |a Instituto de Prehistoria y Arqueología (Barcelona, Catalunya) |9 54255 | |
| 901 | |a Arxiu | ||
| 942 | |n 1 |2 udc | ||
| 952 | |0 0 |1 0 |4 0 |6 H286 |7 1 |9 45697 |a Arxiu |b Arxiu |d 2016-12-01 |l 0 |o H-2-86 |p 7771 |r 2016-12-01 00:00:00 |w 2016-12-01 |y ARXIU | ||
| 999 | |c 49197 |d 49197 | ||